000 00396nam a2200145Ia 4500
005 20240823064258.0
008 240823s9999||||xx |||||||||||||| ||und||
082 _A6.6869
100 _a"Kennedy,Sanford"
245 0 _a3ds max Animation and Visual Effects techniques
260 _c2003
_bWiley India Pv
_aNew Delhi
500 _aYES
650 _aAnimation
_bComputer Applications
942 _cNB
999 _c240328
_d240328